|
|
|
|
| LEADER |
03129nam a22005295i 4500 |
| 001 |
978-1-4020-8431-7 |
| 003 |
DE-He213 |
| 005 |
20151204164409.0 |
| 007 |
cr nn 008mamaa |
| 008 |
100301s2008 ne | s |||| 0|eng d |
| 020 |
|
|
|a 9781402084317
|9 978-1-4020-8431-7
|
| 024 |
7 |
|
|a 10.1007/978-1-4020-8431-7
|2 doi
|
| 040 |
|
|
|d GrThAP
|
| 050 |
|
4 |
|a QB460-466
|
| 072 |
|
7 |
|a PHVB
|2 bicssc
|
| 072 |
|
7 |
|a SCI005000
|2 bisacsh
|
| 082 |
0 |
4 |
|a 523.01
|2 23
|
| 245 |
1 |
4 |
|a The Cambridge N-Body Lectures
|h [electronic resource] /
|c edited by Sverre J. Aarseth, Christopher A. Tout, Rosemary A. Mardling.
|
| 264 |
|
1 |
|a Dordrecht :
|b Springer Netherlands,
|c 2008.
|
| 300 |
|
|
|a X, 402 p.
|b online resource.
|
| 336 |
|
|
|a text
|b txt
|2 rdacontent
|
| 337 |
|
|
|a computer
|b c
|2 rdamedia
|
| 338 |
|
|
|a online resource
|b cr
|2 rdacarrier
|
| 347 |
|
|
|a text file
|b PDF
|2 rda
|
| 490 |
1 |
|
|a Lecture Notes in Physics,
|x 0075-8450 ;
|v 760
|
| 505 |
0 |
|
|a Direct N-Body Codes -- Regular Algorithms for the Few-Body Problem -- Resonance, Chaos and Stability: The Three-Body Problem in Astrophysics -- Fokker–planck Treatment of Collisional Stellar Dynamics -- Monte-Carlo Models of Collisional Stellar Systems -- Particle-Mesh Technique and Superbox -- Dynamical Friction -- Initial Conditions for Star Clusters -- Stellar Evolution -- N-Body Stellar Evolution -- Binary Stars -- N - Body Binary Evolution -- The Workings of a Stellar Evolution Code -- Realistic N - Body Simulations of Globular Clusters -- Parallelization, Special Hardware and Post-Newtonian Dynamics in Direct N - Body Simulations -- Educational N - Body Websites.
|
| 520 |
|
|
|a Published under the auspices of the Royal Astronomical Society, this volume contains a set of extensive school tested lectures, with the aim to give a coherent and thorough background knowledge of the subject and to introduce the latest developments in N-body computational astrophysics. The topics cover a wide range from the classical few-body problem with discussions of resonance, chaos and stability to realistic modelling of star clusters as well as descriptions of codes, algorithms and special hardware for N-body simulations. This collection of topics, related to the gravitational N-body problem, will prove useful to both students and researchers in years to come.
|
| 650 |
|
0 |
|a Physics.
|
| 650 |
|
0 |
|a Mechanics.
|
| 650 |
|
0 |
|a Astrophysics.
|
| 650 |
|
0 |
|a Atoms.
|
| 650 |
1 |
4 |
|a Physics.
|
| 650 |
2 |
4 |
|a Astrophysics and Astroparticles.
|
| 650 |
2 |
4 |
|a Mechanics.
|
| 650 |
2 |
4 |
|a Theoretical, Mathematical and Computational Physics.
|
| 650 |
2 |
4 |
|a Atomic, Molecular, Optical and Plasma Physics.
|
| 700 |
1 |
|
|a Aarseth, Sverre J.
|e editor.
|
| 700 |
1 |
|
|a Tout, Christopher A.
|e editor.
|
| 700 |
1 |
|
|a Mardling, Rosemary A.
|e editor.
|
| 710 |
2 |
|
|a SpringerLink (Online service)
|
| 773 |
0 |
|
|t Springer eBooks
|
| 776 |
0 |
8 |
|i Printed edition:
|z 9781402084300
|
| 830 |
|
0 |
|a Lecture Notes in Physics,
|x 0075-8450 ;
|v 760
|
| 856 |
4 |
0 |
|u http://dx.doi.org/10.1007/978-1-4020-8431-7
|z Full Text via HEAL-Link
|
| 912 |
|
|
|a ZDB-2-PHA
|
| 912 |
|
|
|a ZDB-2-LNP
|
| 950 |
|
|
|a Physics and Astronomy (Springer-11651)
|